000 00508nam a2200181Ia 4500
005 20250508154540.0
008 008 250505s9999 xx 000 0 eng d
037 _aTextual
040 _aFEDL
_beng
_cFEDL
041 _aeng
_2eng
084 _a320.55, GUP
_qFEDL
100 _aGupta N.L.
_9765617
245 0 _aNehru on communalism
260 _aNew Delhi, India
_bSampradayikta Virodhi Committee
_c1965
300 _axv,259p.
942 _cTEXL
_h320.55, GUP
999 _c1350854
_d1350854